=LDR 00000nam 2200000 4500 =001 INLIS000000000029653 =005 20130612131853 =008 ***********************************Ind** =035 ##$$0010-061300000029653 =041 ##$$a Ind =082 ##$$a 510.07 =090 ##$$a 510.07, Suk m =100 ##$$a Sukino =245 ##$$a Matematika 3 B kurikulum 1994 untuk kelas III Caturwulan 2 SLTP, Sukino =260 ##$$a 1997 $b Semarang =300 ##$$a ii, 148 hlm, ilus, 30 cm =650 ##$$a Matematika SLTP =850 ##$$a NBPNMAT